| 000 | 00641nam a22001937a 4500 | ||
|---|---|---|---|
| 999 |
_c21050 _d21050 |
||
| 003 | AR-CdUCM | ||
| 008 | 190725b ||||| |||| 00| 0 spa d | ||
| 040 |
_aMUNICIPALIDAD PROVINCIAL DEL CUSCO _cBIBLIOTECA MUNICIPAL DEL CUSCO |
||
| 082 |
_a320.985 / _bR35 |
||
| 110 |
_aCentro de estudios rurales andinos Bartolome de las Casas _91973 |
||
| 245 | _aRegionaización plan nacional ley N° 23878 / | ||
| 260 |
_aCusco : _bCBC, _c1984. |
||
| 300 |
_a46 páginas ; _c20 cm. |
||
| 440 |
_acuadernos de capacitación campesina. _nN° 18 _943848 |
||
| 650 |
_aCusco-Perú _913542 |
||
| 650 |
_aLeyes _94808 |
||
| 942 |
_2ddc _cLIBROS |
||
| 945 | _azta | ||